000 01946cam a22004454i 4500
003 PE-LiUPU
005 20250731173234.0
008 150625s1986 xxy r 000 0 spa d
035 _a(Sirsi) a34878
040 _aPE-LiUPU
_bspa
_cPE-LiUPU
_erda
082 0 4 _a265.1
_bD96
_221
100 1 _aDujarier, Michel,
_eautor.
245 1 0 _aBreve historia del catecumenado /
_cMichel Dujarier.
264 1 _aBilbao :
_bDescleé de Brouwer,
_c1986.
300 _a157, páginas ;
_c19 centímetros
336 _atext
_2rdacontent
337 _aunmediated
_2rdamedia
338 _avolume
_2rdacarrier
505 0 _alas grandes opciones de pa época neo-testamentaria -- el catecumenado se estructura internamente -- las vicisitudes del catecumenado -- ¿se puede escribir la historia del catecumenado? -- ocaso y despertar del catecumenado -- los textos del vaticano II sobre el catecumenado.
526 _aSEG42
526 _aSEG41
526 _aSEG40
526 _aSEG39
526 _aP94
526 _aP87
526 _aP86
526 _aP85
526 _aP77
526 _aP76
526 _aP35
910 _bksl
_cksl
_d20190606
942 _2ddc
_cBOOK
949 _a265.1 D48
_wDEWEY
_c1
_i31173
_lCCODEBUL1
_mBUL
_p10.00
_r0
_sY
_tBOOK
_u2015-06-25
_xBIBLIOTECA
_zUNKNOWN
_0COMPRA
_o.STAFF. Colección Teología
949 _a265.1 D48
_wDEWEY
_c2
_i29442
_lCCODEBUL1
_mBUL
_p10.00
_r0
_sY
_tBOOK
_u2015-06-25
_xBIBLIOTECA
_zUNKNOWN
_0COMPRA
_o.STAFF. Colección Teología
596 _a1
999 _a265.1 D96
_wDEWEY
_c42782
_i31173
_f2021-11-12
_g6
_lCCODEBUL1
_mBUL
_p10.00
_r0
_sY
_tBOOK
_u2015-6-25
_xTEOLOGIA
_zUNKNOWN
_0COMPRA
_o.STAFF. Colección General
_d42782
999 _a265.1 D96
_wDEWEY
_c2
_i29442
_f2021-11-12
_g5
_lCCODEBUL1
_mBUL
_p10.00
_r0
_sY
_tBOOK
_u2015-6-25
_xTEOLOGIA
_zUNKNOWN
_0COMPRA
_o.STAFF. Colección General
980 _81
_gALBERTO SANCHEZ Responsable de Automatización